Planificación sectorial y por proyectos en materia de transportes
Na minha lista:
| Autor principal: | |
|---|---|
| Formato: | Livro |
| Idioma: | espanhol |
| Publicado em: |
Madrid
Tecnos
1969
|
| Colecção: | Estudios del Personal del Banco Mundial
|
| Assuntos: | |
| Tags: |
Adicionar Tag
Sem tags, seja o primeiro a adicionar uma tag!
|
MARC
| LEADER | 00000nam a2200000 a 4500 | ||
|---|---|---|---|
| 001 | UCQ0174 | ||
| 003 | CL-VaPUC | ||
| 008 | 980627e19690000SP |||||||||||||||||spa|d | ||
| 082 | 0 | 4 | |a 388.049 |b ADL |2 21 |
| 100 | 0 | |a Adler, Hans A |e author |9 413220 | |
| 245 | 1 | 0 | |a Planificación sectorial y por proyectos en materia de transportes |
| 300 | |a 85 p | ||
| 942 | |c BK | ||
| 945 | |d 19980627 00:00:00 |a cmena | ||
| 260 | |a Madrid |b Tecnos |c 1969 | ||
| 650 | 7 | |a ECONOMIA DEL TRANSPORTE |2 CL-VaPUC |9 357664 | |
| 650 | 7 | |a TRANSPORTE |2 CL-VaPUC |9 256365 | |
| 650 | 0 | |a Desarrollo económico y social |9 256320 | |
| 650 | 7 | |a PLANIFICACION |2 CL-VaPUC |9 260802 | |
| 650 | 0 | |a Transporte Ferroviario |9 353259 | |
| 650 | 0 | |a Países en desarrollo |9 259663 | |
| 583 | |a last modification |c 19980627 00:00:00 |k Rodrigo Vera | ||
| 490 | 0 | |a Estudios del Personal del Banco Mundial | |
| 999 | |c 271313 |d 271311 | ||
| 952 | |0 0 |1 0 |4 0 |6 388_049000000000000_ADL_1969 |7 0 |8 A |9 305930 |a BIBGIM |b BIBGIM |d 2019-11-20 |i 1422626 |o 388.049 ADL 1969 |p 1422626 |r 2025-01-15 |w 2019-11-20 |y BK |k COM | ||